Automotive air-conditioning and climate control systems / (Record no. 69364)

000 -LEADER
fixed length control field 01085cam a22003257a 4500
001 - CONTROL NUMBER
control field 14330321
003 - CONTROL NUMBER IDENTIFIER
control field NUST - PNEC
005 - DATE AND TIME OF LATEST TRANSACTION
control field 20170116181116.0
008 - FIXED-LENGTH DATA ELEMENTS--GENERAL INFORMATION
fixed length control field 060405s2006 ne a 001 0 eng d
010 ## - LIBRARY OF CONGRESS CONTROL NUMBER
LC control number 2006925278
020 ## - INTERNATIONAL STANDARD BOOK NUMBER
International Standard Book Number 0750669551
020 ## - INTERNATIONAL STANDARD BOOK NUMBER
International Standard Book Number 9780750669559
035 ## - SYSTEM CONTROL NUMBER
System control number (OCoLC)ocm74706117
040 ## - CATALOGING SOURCE
Original cataloging agency P4A
Transcribing agency LIBRARY
Modifying agency BAKER
-- YDXCP
-- COA
-- YDX
-- DLC
042 ## - AUTHENTICATION CODE
Authentication code lccopycat
050 00 - LIBRARY OF CONGRESS CALL NUMBER
Classification number TL271.5
Item number .D35 2006
082 00 - DEWEY DECIMAL CLASSIFICATION NUMBER
Classification number 629.2772 DAL
100 1# - MAIN ENTRY--PERSONAL NAME
Personal name Daly, Steven.
245 10 - TITLE STATEMENT
Title Automotive air-conditioning and climate control systems /
Statement of responsibility, etc. Steven Daly.
250 ## - EDITION STATEMENT
Edition statement 1st ed.
260 ## - PUBLICATION, DISTRIBUTION, ETC.
Place of publication, distribution, etc. Amsterdam ;
-- Boston :
Name of publisher, distributor, etc. Elsevier Butterworh-Heinemann,
Date of publication, distribution, etc. 2006.
300 ## - PHYSICAL DESCRIPTION
Extent xvii, 362 p. :
Other physical details ill. (some col.) ;
Dimensions 25 cm.
500 ## - GENERAL NOTE
General note Includes index.
650 #0 - SUBJECT ADDED ENTRY--TOPICAL TERM
Topical term or geographic name entry element Automobiles
General subdivision ME
856 42 - ELECTRONIC LOCATION AND ACCESS
Materials specified Publisher description
Uniform Resource Identifier <a href="http://www.loc.gov/catdir/enhancements/fy0827/2006925278-d.html">http://www.loc.gov/catdir/enhancements/fy0827/2006925278-d.html</a>
906 ## - LOCAL DATA ELEMENT F, LDF (RLIN)
a 7
b cbc
c copycat
d 2
e ncip
f 20
g y-gencatlg
942 ## - ADDED ENTRY ELEMENTS (KOHA)
Source of classification or shelving scheme
Koha item type Book
Holdings
Withdrawn status Lost status Source of classification or shelving scheme Damaged status Not for loan Permanent Location Current Location Shelving location Date acquired Total Checkouts Full call number Barcode Date last seen Price effective from Koha item type
          Pakistan Navy Engineering College (PNEC) Pakistan Navy Engineering College (PNEC)       629.2772 DAL PNECLIB-028551 10/04/2015   Book
© 2023 Central Library, National University of Sciences and Technology. All Rights Reserved.